小田急「ロマンスカー」の停車駅 - Statistics

General Stats
  • This quiz has been taken 405 times
  • The average score is 18 of 21
Answer Stats
ロマンスカー 停車駅 % Correct
多数 新宿
98%
はこね号・さがみ号等 小田原
98%
はこね号・ホームウェイ号 箱根湯本
97%
多数 相模大野
95%
多数 町田
94%
多数 新百合ヶ丘
93%
えのしま号等 藤沢
93%
えのしま号等 片瀬江ノ島
93%
はこね号・さがみ号等 本厚木
92%
ふじさん号 御殿場
91%
はこね号・さがみ号等 海老名
90%
メトロ号系 北千住
88%
はこね号・さがみ号等 秦野
87%
メトロ号系 大手町
86%
えのしま号等 大和
85%
ふじさん号 松田
85%
はこね号・さがみ号等 伊勢原
84%
メトロ号系 霞ヶ関
77%
メトロ号系 成城学園前
75%
メトロ号系 表参道
67%
ふじさん号 駿河小山
64%
No matching quizzes found
Score Distribution
Percent of People with Each Score
Percentile by Number Answered
Your Score History
You have not taken this quiz